| Поле | Инд. | ПП | Название | Значение |
|---|---|---|---|---|
| Тип записи | a | |||
| Библиографический уровень | m | |||
| 001 | Контрольный номер | RU/IS/BASE/595697367 | ||
| 005 | Дата корректировки | 20230515162204.6 | ||
| 040 | b | Код языка каталог. | rus | |
| e | Правила каталог. | PSBO | ||
| 041 | 0_ | a | Код языка текста | rus |
| 097 | b | Оператор | *Фа* | |
| 245 | 10 | a | Заглавие | Задание для контрольной работы для студентов заочной формы обучения по дисциплине "Механика жидкостей и газов" направления подготовки 15.03.05 Конструкторско-технологическое обеспечение машиностроительных производств. Профиль: Технология машиностроения |
| b | Продолж. заглавия | в составе учебно-методического комплекса | ||
| c | Ответственность | Каф. Гидравлика, теплотехника и гидропривод | ||
| 260 | a | Место издания | Тверь | |
| b | Издательство | ТвГТУ | ||
| c | Дата издания | 2017 | ||
| 440 | a | Серия | УМК-КР | |
| 500 | a | Примечание | 35/2018 | |
| 516 | a | Прим. о типе комп. файла/ данных | Текст : электронный | |
| 535 | a | Хранилище | Сервер | |
| 655 | a | Жанр/ форма (устаревшее) | М | |
| 773 | w | Контрольный № источника | 116919 | |
| 901 | t | Тип документа | m | |
| 905 | a | Дата создания записи | 16.11.18 | |
| 922 | c | Кафедра | Гидравлика, теплотехника и гидропривод | |
| 951 | i | EL-ТГТУ? | Да | |
| 953 | z | EL-Специальная? | По вопросам использования заданий учебной дисциплины "Механика жидкостей и газов" обращайтесь на кафедру "Гидравлика, теплотехника и гидропривод". |